| 000 | 00805cab a2200229 4500 | ||
|---|---|---|---|
| 001 | ##L135399 | ||
| 008 | 061023n2006 000 0 eng u | ||
| 035 | _a(Sirsi) u135399 | ||
| 041 | 0 | _aeng | |
| 100 | 1 | _aSmith, Duncan | |
| 245 | 0 | 0 |
_aSpecialist cost update _benvelope |
| 260 | _c2006 | ||
| 490 | 0 |
_aBuilding _v267(8452) 20 October 2006, 64-68(5) |
|
| 520 | _aReviews the latest trends and costs in curtain walling, roofing and stone construction. Provides market overviews, hot topics (managing risk for curtain walling and labour rates for roofing), lead times and costs. | ||
| 590 | _aIKA311006 | ||
| 651 | 4 |
_aUnited Kingdom _y |
|
| 690 | _aBUILT ENVIRONMENT-BUILDING COSTS | ||
| 700 | 1 | _aSaunders, Phil | |
| 700 | 1 | _aHarding, David | |
| 710 | 2 |
_aGardiner and Theobald _9719 |
|
| 942 | _n0 | ||
| 999 |
_c77885 _d77885 |
||